书目信息 |
| 题名: |
中国画色彩艺术
|
|
| 作者: | 刘源 编著 | |
| 分册: | ||
| 出版信息: | 重庆 西南师范大学出版社 1999 |
|
| 页数: | 132页 | |
| 开本: | 26cm | |
| 丛书名: | 美术系列教材 | |
| 单 册: | ||
| 中图分类: | J206.3 | |
| 科图分类: | ||
| 主题词: | 绘画理论--色彩学 | |
| 电子资源: | ||
| ISBN: | 7-5621-2110-9 | |
| 000 | 00606nam2 2200217 45 | |
| 001 | 0404131422 | |
| 005 | 20070621091809.00 | |
| 010 | @a7-5621-2110-9@dCNY23.00 | |
| 100 | @a20040413d1999 km y0chiy0120 ea | |
| 101 | 0 | @achi |
| 105 | @af z 000yy | |
| 200 | 1 | @a中国画色彩艺术@AZhong Guo Hua Se Cai Yi Shu@f刘源编著@FLiu Yuan Bian Zhu |
| 210 | @a重庆@c西南师范大学出版社@d1999 | |
| 215 | @a132页@c图版@d26cm | |
| 225 | @a美术系列教材 | |
| 410 | @12001 @a美术系列教材 | |
| 606 | 0 | @a绘画理论@x色彩学 |
| 690 | @aJ206.3@v4 | |
| 701 | 0 | @a刘源@4编著 |
| 801 | @aCN@bTSTC@c20070621 | |
| 905 | @dJ206.3@e234 | |
| 中国画色彩艺术/刘源编著.-重庆:西南师范大学出版社,1999 |
| 132页:图版;26cm.-(美术系列教材) |
| ISBN 7-5621-2110-9:CNY23.00 |
| ● |
| 相关链接 |
|
|
|
|
正题名:中国画色彩艺术
索取号:J206.3/234
 
预约/预借
| 序号 | 登录号 | 条形码 | 馆藏地/架位号 | 状态 | 备注 |
| 1 | 0331443 | 203314430 | 第一借阅区/ [索取号:J206.3/234] | 在馆 | |
| 2 | 0331444 | 203314449 | 第一借阅区/ [索取号:J206.3/234] | 在馆 | |
| 3 | 0331445 | 203314458 | 第一借阅区/ [索取号:J206.3/234] | 在馆 | |
| 4 | 0331446 | 203314467 | 第一借阅区/ [索取号:J206.3/234] | 在馆 | |
| 5 | 0331447 | 203314476 | 第一样本阅览室/ [索取号:J206.3/234] | 在馆 | |
| 6 | 0339973 | 203399731 | 第一借阅区/ [索取号:J206.3/234] | 在馆 | |
| 7 | 0339974 | 203399740 | 第一借阅区/ [索取号:J206.3/234] | 在馆 | |
| 8 | 0339975 | 203399759 | 第一借阅区/ [索取号:J206.3/234] | 在馆 | |
| 9 | 0339976 | 203399768 | 第一借阅区/ [索取号:J206.3/234] | 在馆 | |
| 10 | 0339977 | 203399777 | 第一借阅区/ [索取号:J206.3/234] | 在馆 | |
| 11 | 0661035 | 206610354 | 库房3/ [索取号:J206.3/234] | 在馆 | |
| 12 | 0661036 | 206610363 | 库房3/ [索取号:J206.3/234] | 在馆 | |
| 13 | 0661037 | 206610372 | 库房3/ [索取号:J206.3/234] | 在馆 | |
| 14 | 0661038 | 206610381 | 库房3/ [索取号:J206.3/234] | 在馆 | |
| 15 | 0661039 | 206610390 | 库房3/ [索取号:J206.3/234] | 在馆 | |
| 16 | 0661040 | 206610407 | 库房3/ [索取号:J206.3/234] | 在馆 | |
| 17 | 0661041 | 206610416 | 库房3/ [索取号:J206.3/234] | 在馆 | |
| 18 | 0661042 | 206610425 | 库房3/ [索取号:J206.3/234] | 在馆 | |
| 19 | 0661043 | 206610434 | 库房3/ [索取号:J206.3/234] | 在馆 | |
| 20 | 0661044 | 206610443 | 库房3/ [索取号:J206.3/234] | 在馆 | |
| 21 | 0661045 | 206610452 | 库房3/ [索取号:J206.3/234] | 在馆 | |
| 22 | 0661046 | 206610461 | 库房3/ [索取号:J206.3/234] | 在馆 | |
| 23 | 0661047 | 206610470 | 库房3/ [索取号:J206.3/234] | 在馆 | |
| 24 | 0661048 | 206610489 | 库房3/ [索取号:J206.3/234] | 在馆 | |
| 25 | 0661049 | 206610498 | 库房3/ [索取号:J206.3/234] | 在馆 | |
| 26 | 0661050 | 206610504 | 库房3/ [索取号:J206.3/234] | 在馆 | |
| 27 | 0661051 | 206610513 | 库房3/ [索取号:J206.3/234] | 在馆 | |
| 28 | 0661052 | 206610522 | 库房3/ [索取号:J206.3/234] | 在馆 | |
| 29 | 0661053 | 206610531 | 库房3/ [索取号:J206.3/234] | 在馆 | |
| 30 | 0661054 | 206610540 | 库房3/ [索取号:J206.3/234] | 在馆 | |
| 31 | 0661055 | 206610559 | 库房3/ [索取号:J206.3/234] | 在馆 | |
| 32 | 0661056 | 206610568 | 库房3/ [索取号:J206.3/234] | 在馆 | |
| 33 | 0661057 | 206610577 | 库房3/ [索取号:J206.3/234] | 在馆 | |
| 34 | 0661058 | 206610586 | 库房3/ [索取号:J206.3/234] | 在馆 |